[Event "Steinfurt Bezirksliga 1819"]
[Site "Germany"]
[Date "2019.01.26"]
[Round "6.7"]
[White "Schal, Eduard"]
[Black "Gaupel, Michael"]
[Result "1/2-1/2"]
[WhiteElo "1520"]
[BlackElo "1401"]
[PlyCount "54"]
[EventDate "2018.09.01"]
[EventType "team-tourn"]
[EventRounds "10"]
[EventCountry "GER"]
[SourceTitle "EXT 2020"]
[Source "ChessBase"]
[SourceDate "2019.10.17"]
[SourceVersion "1"]
[SourceVersionDate "2019.10.17"]
[SourceQuality "1"]
[WhiteTeam "Steinfurt II"]
[BlackTeam "Steinfurt III"]
[WhiteTeamCountry "GER"]
[BlackTeamCountry "GER"]

1. e4 e5 2. Nf3 Nf6 3. Nxe5 d6 4. Nf3 Nxe4 5. d4 d5 6. Bd3 Bd6 7. 0-0 0-0 8. c4 c6 9. Qc2 Bf5 10. Nc3 Nd7 11. Nxe4 dxe4 12. Bxe4 Bxe4 13. Qxe4 Re8 14. Qc2 h6 15. Bd2 Qf6 16. Rfe1 c5 17. Bc3 cxd4 18. Bxd4 Ne5 19. Nd2 Qh4 20. Bxe5 Bxe5 21. Nf3 Qh5 22. Rad1 Rac8 23. Qa4 a6 24. Nxe5 Rxe5 25. Rxe5 Qxe5 26. Qc2 Re8 27. g3 Qa5 1/2-1/2

[Event "Steinfurt Bezirksliga 1819"]
[Site "Germany"]
[Date "2018.11.24"]
[Round "4.7"]
[White "Becker, Heiner"]
[Black "Schal, Eduard"]
[Result "1/2-1/2"]
[WhiteElo "1518"]
[BlackElo "1520"]
[PlyCount "78"]
[EventDate "2018.09.01"]
[EventType "team-tourn"]
[EventRounds "10"]
[EventCountry "GER"]
[SourceTitle "EXT 2020"]
[Source "ChessBase"]
[SourceDate "2019.10.17"]
[SourceVersion "1"]
[SourceVersionDate "2019.10.17"]
[SourceQuality "1"]
[WhiteTeam "Ibbenbueren II"]
[BlackTeam "Steinfurt II"]
[WhiteTeamCountry "GER"]
[BlackTeamCountry "GER"]

1. Nf3 Nf6 2. g3 g6 3. Bg2 Bg7 4. d4 d5 5. 0-0 0-0 6. Nbd2 c6 7. c4 Nbd7 8. b3 e5 9. dxe5 Ng4 10. Rb1 Ndxe5 11. cxd5 cxd5 12. Nxe5 Nxe5 13. Bb2 Bf5 14. e4 dxe4 15. Bxe4 Bxe4 16. Nxe4 Qe7 17. Re1 Rfd8 18. Qe2 Qb4 19. Red1 Rxd1+ 20. Rxd1 Re8 21. Kg2 Qe7 22. h4 Nc6 23. f3 Ne5 24. Bxe5 Bxe5 25. Rd2 Bg7 26. Rc2 Qb4 27. Nf6+ Bxf6 28. Qxe8+ Kg7 29. Qe2 Qb6 30. Qc4 h5 31. Kh3 Qg1 32. Qe2 Qh1+ 33. Qh2 Qxf3 34. Rf2 Qg4+ 35. Kg2 Qe4+ 36. Kf1 Qb1+ 37. Kg2 Qe4+ 38. Kh3 Qg4+ 39. Kg2 Qe4+ 1/2-1/2

[Event "Steinfurt Bezirksliga 1819"]
[Site "Germany"]
[Date "2018.11.03"]
[Round "3.6"]
[White "Schal, Eduard"]
[Black "Schulte, Rainer"]
[Result "1/2-1/2"]
[WhiteElo "1520"]
[BlackElo "1510"]
[PlyCount "46"]
[EventDate "2018.09.01"]
[EventType "team-tourn"]
[EventRounds "10"]
[EventCountry "GER"]
[SourceTitle "EXT 2020"]
[Source "ChessBase"]
[SourceDate "2019.10.17"]
[SourceVersion "1"]
[SourceVersionDate "2019.10.17"]
[SourceQuality "1"]
[WhiteTeam "Steinfurt II"]
[BlackTeam "Emsdetten Rochade IV"]
[WhiteTeamCountry "GER"]
[BlackTeamCountry "GER"]

1. e4 c6 2. d4 d5 3. Nc3 dxe4 4. Nxe4 Bf5 5. Ng3 Bg6 6. Nf3 Nd7 7. h4 h6 8. h5 Bh7 9. Bd3 Bxd3 10. Qxd3 Ngf6 11. Bd2 e6 12. 0-0-0 Qc7 13. Kb1 0-0-0 14. Qe2 Bd6 15. Rh4 Rdg8 16. Ne4 Nxe4 17. Qxe4 e5 18. dxe5 Nxe5 19. Bf4 Re8 20. Qd4 Nxf3 21. Bxd6 Nxd4 22. Bxc7 Kxc7 23. Rdxd4 Rd8 1/2-1/2

[Event "Steinfurt Bezirksliga 1718"]
[Site "Germany"]
[Date "2017.09.23"]
[Round "1.7"]
[White "Schal, Eduard"]
[Black "Edenfeld, Werner"]
[Result "1-0"]
[WhiteElo "1554"]
[BlackElo "1280"]
[PlyCount "55"]
[EventDate "2017.09.23"]
[EventType "team-tourn"]
[EventRounds "7"]
[EventCountry "GER"]
[SourceTitle "EXT 2019"]
[Source "ChessBase"]
[SourceDate "2018.10.10"]
[SourceVersion "1"]
[SourceVersionDate "2018.10.10"]
[SourceQuality "1"]
[WhiteTeam "Steinfurt II"]
[BlackTeam "Steinfurt III"]
[WhiteTeamCountry "GER"]
[BlackTeamCountry "GER"]

1. d4 d5 2. c4 e6 3. Nc3 Bb4 4. Nf3 h6 5. Bf4 Nc6 6. e3 a6 7. Bd3 Nge7 8. 0-0 Bxc3 9. bxc3 b6 10. Ne5 Nxe5 11. Bxe5 Rg8 12. Qg4 Nf5 13. e4 dxe4 14. Bxe4 Ra7 15. Rfe1 Qg5 16. Qxg5 hxg5 17. Bxf5 exf5 18. Bxc7+ Kd7 19. Bxb6 Rb7 20. c5 Re8 21. Rxe8 Kxe8 22. Re1+ Re7 23. Rxe7+ Kxe7 24. Kf1 Ke6 25. Ke2 Kd5 26. Kd3 f4 27. c4+ Kc6 28. d5+ 1-0

[Event "Steinfurt Bezirksliga 1617"]
[Site "Germany"]
[Date "2017.05.20"]
[Round "9.6"]
[White "Schal, Eduard"]
[Black "Schmidt, Frank"]
[Result "1/2-1/2"]
[WhiteElo "1578"]
[BlackElo "1594"]
[PlyCount "116"]
[EventDate "2016.09.24"]
[EventType "team"]
[EventRounds "9"]
[EventCountry "GER"]
[SourceTitle "EXT 2018"]
[Source "ChessBase"]
[SourceDate "2017.10.13"]
[SourceVersion "1"]
[SourceVersionDate "2017.10.13"]
[SourceQuality "1"]
[WhiteTeam "Steinfurt II"]
[BlackTeam "Emsdetten Rochade III"]
[WhiteTeamCountry "GER"]
[BlackTeamCountry "GER"]

1. d4 d5 2. c4 e6 3. Nc3 Nf6 4. Bg5 Be7 5. Nf3 h6 6. Bf4 c6 7. e3 Qa5 8. a3 Ne4 9. Qc2 0-0 10. Bd3 Nxc3 11. bxc3 dxc4 12. Bxc4 Bf6 13. h4 c5 14. Ba2 cxd4 15. exd4 Qf5 16. Qd2 e5 17. dxe5 Rd8 18. Qc1 Qe4+ 19. Be3 Bxe5 20. Bb1 Qd5 21. 0-0 Bf6 22. Qc2 Na6 23. Qh7+ Kf8 24. Ba2 Qa5 25. Rfe1 Be6 26. Bxe6 fxe6 27. Nd4 Kf7 28. Nxe6 Rh8 29. Qe4 Rae8 30. Qxb7+ Re7 31. Qb3 Rxe6 32. Bd4 Rhe8 33. Rxe6 Rxe6 34. Re1 Nc7 35. Rxe6 Nxe6 36. Qb7+ Qc7 37. Qxa7 Qxa7 38. Bxa7 Bxc3 39. Kf1 Ke7 40. Ke2 Nf4+ 41. Kf3 Nd5 42. Ke4 Ke6 43. Bd4 g6 44. Bxc3 Nxc3+ 45. Kd3 Na4 46. Ke4 Nc5+ 47. Kd4 Kd6 48. g4 g5 49. h5 Nb3+ 50. Ke4 Ke6 51. f4 gxf4 52. Kxf4 Kf6 53. a4 Na5 54. Kg3 Kg5 55. Kf3 Nc4 56. Kg3 Na5 57. Kf3 Kf6 58. Kf4 Nc6 1/2-1/2

[Event "Steinfurt Bezirksliga 1617"]
[Site "Germany"]
[Date "2017.03.04"]
[Round "7.7"]
[White "Menz, Robert"]
[Black "Schal, Eduard"]
[Result "1/2-1/2"]
[WhiteElo "1587"]
[BlackElo "1578"]
[PlyCount "96"]
[EventDate "2016.09.24"]
[EventType "team"]
[EventRounds "9"]
[EventCountry "GER"]
[SourceTitle "EXT 2018"]
[Source "ChessBase"]
[SourceDate "2017.10.13"]
[SourceVersion "1"]
[SourceVersionDate "2017.10.13"]
[SourceQuality "1"]
[WhiteTeam "Saerbeck II"]
[BlackTeam "Steinfurt II"]
[WhiteTeamCountry "GER"]
[BlackTeamCountry "GER"]

1. d4 d5 2. c4 e6 3. Nc3 Nf6 4. Bg5 c6 5. e3 Nbd7 6. Nf3 Qa5 7. Nd2 Bb4 8. Qc2 Ne4 9. Ncxe4 dxe4 10. Bf4 f5 11. Be2 0-0 12. a3 Be7 13. h3 e5 14. dxe5 Nxe5 15. 0-0 Bf6 16. b4 Qd8 17. Rad1 Qe7 18. Nb3 Be6 19. Nd4 Qf7 20. Nxe6 Qxe6 21. c5 Rad8 22. Bxe5 Qxe5 23. Rxd8 Rxd8 24. Rd1 Rxd1+ 25. Bxd1 Qa1 26. Qb3+ Kf8 27. Kh2 Be5+ 28. g3 Ke7 29. a4 Qb2 30. Qxb2 Bxb2 31. b5 Ba3 32. g4 f4 33. exf4 Bxc5 34. f5 Bxf2 35. Bb3 cxb5 36. axb5 h6 37. Bd5 e3 38. Kg2 b6 39. Kf3 Kd6 40. Bc4 Ke5 41. Be2 Kd4 42. Kf4 Bh4 43. Kf3 Bd8 44. Kg2 Kc3 45. Kf3 Kd2 46. Bf1 Bc7 47. Be2 Bh2 48. Bf1 Bg1 1/2-1/2

[Event "Steinfurt Bezirksliga 1516"]
[Site "Germany"]
[Date "2016.03.12"]
[Round "7.6"]
[White "Schneider, Richard2222"]
[Black "Schal, Eduard"]
[Result "0-1"]
[WhiteElo "1432"]
[BlackElo "1545"]
[PlyCount "102"]
[EventDate "2015.09.19"]
[EventType "team-tourn"]
[EventRounds "9"]
[EventCountry "GER"]
[SourceTitle "EXT 2017"]
[Source "ChessBase"]
[SourceDate "2016.10.25"]
[SourceVersion "1"]
[SourceVersionDate "2016.10.25"]
[SourceQuality "1"]
[WhiteTeam "Emsdetten Rochade IV"]
[BlackTeam "Steinfurt III"]
[WhiteTeamCountry "GER"]
[BlackTeamCountry "GER"]

1. d4 d5 2. c4 e6 3. Nf3 Nf6 4. e3 c6 5. Be2 Bd6 6. 0-0 0-0 7. c5 Bc7 8. b4 Nbd7 9. a3 e5 10. dxe5 Nxe5 11. Bb2 Nxf3+ 12. Bxf3 Bf5 13. Nd2 Re8 14. Nb3 Ne4 15. Bxe4 Bxe4 16. Qg4 Bg6 17. Rac1 Re4 18. Qd1 Qh4 19. g3 Qh3 20. Qf3 Rh4 21. Qg2 Rh5 22. Qxh3 Rxh3 23. Nd2 Re8 24. Kg2 Rh5 25. Kg1 Re6 26. f4 Rxe3 27. Rce1 Re6 28. Rxe6 fxe6 29. Re1 Bf5 30. Nf3 Bg4 31. Ne5 Bxe5 32. Bxe5 Rf5 33. Bb8 a6 34. Rxe6 Rf8 35. Bd6 Bxe6 36. Bxf8 Kxf8 37. Kf2 Kf7 38. Ke3 Kf6 39. Kf3 h5 40. Ke3 g5 41. fxg5+ Kxg5 42. Kf3 Bg4+ 43. Ke3 Kf5 44. Kd4 Ke6 45. Ke3 Ke5 46. Kd3 d4 47. Kd2 Ke4 48. Ke1 Ke3 49. a4 d3 50. a5 d2+ 51. Kf1 Bh3+ 0-1

[Event "Steinfurt Bezirksliga 1516"]
[Site "Germany"]
[Date "2015.11.28"]
[Round "3.5"]
[White "Schal, Eduard"]
[Black "Richter, Michael"]
[Result "0-1"]
[WhiteElo "1545"]
[BlackElo "1603"]
[PlyCount "64"]
[EventDate "2015.09.19"]
[EventType "team-tourn"]
[EventRounds "9"]
[EventCountry "GER"]
[SourceTitle "EXT 2017"]
[Source "ChessBase"]
[SourceDate "2016.10.25"]
[SourceVersion "1"]
[SourceVersionDate "2016.10.25"]
[SourceQuality "1"]
[WhiteTeam "Steinfurt III"]
[BlackTeam "Reckenfeld"]
[WhiteTeamCountry "GER"]
[BlackTeamCountry "GER"]

1. e4 c5 2. c3 d5 3. e5 Nc6 4. Bb5 Qb6 5. Bxc6+ bxc6 6. d4 e6 7. Nf3 Ba6 8. Qb3 Rb8 9. Nbd2 Nh6 10. Qxb6 Rxb6 11. Nb3 cxd4 12. Nfxd4 c5 13. Nf3 Be7 14. Be3 Rc6 15. Rc1 Nf5 16. Kd2 Nxe3 17. Kxe3 0-0 18. Nbd2 Rb8 19. b3 Rbc8 20. Rhd1 g5 21. c4 g4 22. Ne1 Bg5+ 23. Kd3 Bf4 24. h3 gxh3 25. gxh3 Bxe5 26. Nef3 Bf4 27. Rg1+ Kf8 28. Rcd1 Rd8 29. Kc3 Rcd6 30. cxd5 Rxd5 31. Ne4 Rd3+ 32. Kc2 Rxf3 0-1

[Event "Steinfurt Bezirksliga 1415"]
[Site "Germany"]
[Date "2015.03.14"]
[Round "7.8"]
[White "Niedenzu, Gerhard"]
[Black "Schal, Eduard"]
[Result "0-1"]
[WhiteElo "1489"]
[BlackElo "1194"]
[PlyCount "51"]
[EventDate "2014.09.06"]
[EventType "team-tourn"]
[EventRounds "9"]
[EventCountry "GER"]
[SourceTitle "EXT 2016"]
[Source "ChessBase"]
[SourceDate "2015.10.08"]
[SourceVersion "1"]
[SourceVersionDate "2015.10.08"]
[SourceQuality "1"]
[WhiteTeam "Ibbenbueren II"]
[BlackTeam "Steinfurt III"]
[WhiteTeamCountry "GER"]
[BlackTeamCountry "GER"]

1. d4 c6 2. Nf3 d5 3. Nc3 Nf6 4. Bf4 Bf5 5. e3 Nbd7 6. Bd3 Be4 7. Bxe4 Nxe4 8. Nxe4 dxe4 9. Nd2 f5 10. Bg5 Nf6 11. c4 e6 12. c5 b5 13. Qb3 Qd5 14. 0-0 Qxb3 15. Nxb3 Nd5 16. a3 Be7 17. Bxe7 Kxe7 18. Rac1 a5 19. Rfe1 a4 20. Nd2 e5 21. f3 exd4 22. exd4 e3 23. g3 Kd7 24. f4 exd2 25. Rcd1 dxe1Q+ 26. Rxe1 0-1